000 01125nam a2200277 4500
001 114276
003 DR-UNIBE
005 20251210100045.0
008 251204b2023 dr ||||| |||| 00| 1 spa d
040 _aBIBLIOTECA UNIBE
_cBIBLIOTECA UNIBE
_bspa
_erda
041 _aspa
090 _aFBIU - DRP CI J58p
100 0 _aJesús Pantaleón, Cristina de
_eautor
_9201268
245 1 0 _aPati no quiere ir a la escuela /
_cCristina de Jesús Pantaleón ; ilustraciones : Karla Peña ; edición y diseño gráfico: Ana Galán
250 _aPrimera edición
260 _aLoma Cabarete :
_bDream Project,
_c2023
300 _a[Sin páginas] :
_bilustraciones a color ;
_c20 x 20 cm
500 _aDatos del autor ganador del concurso de escritura de Dream Project e ilustrador al final de la obra
653 7 _a Literatura infantil dominicana
653 7 _a Cuento infantil dominicano
653 7 _aMiedo - Cuentos infantiles dominicanos
653 7 _aPollitos - Cuentos infantiles dominicanos
700 0 _aPeña, Karla
_eautor
_9115283
700 1 0 _aGalán, Ana
_9154971
_eeditor
_ediseñador gráfico
942 _2ddc
_cBK
999 _c114276
_d114276